Phoenix Suns All-Time Scoring Leaders - Statistics

General Stats
  • This quiz has been taken 40 times
  • The average score is 11 of 20
Answer Stats
Points Player % Correct
10712 Steve Nash
100%
6556 Charles Barkley
97%
7439 Devin Booker
94%
11035 Amar'e Stoudemire
92%
12747 Kevin Johnson
89%
12134 Shawn Marion
81%
8034 Dan Majerle
64%
15666 Walter Davis
58%
13910 Alvan Adams
53%
7817 Tom Chambers
53%
12060 Dick Van Arsdale
44%
6420 Jeff Hornacek
44%
9564 Paul Westphal
42%
6368 Connie Hawkins
39%
8430 Larry Nance
36%
6443 Leandro Barbosa
28%
4775 Clifford Robinson
22%
4789 Truck Robinson
22%
5163 Charlie Scott
17%
6010 Neal Walk
8%
No matching quizzes found
Score Distribution
Percent of People with Each Score
Percentile by Number Answered
Your Score History
You have not taken this quiz